Анализ ключевых организационно-экономических показателей наукоемкого инженерно-технического проекта (Запись № 4092372)

Подробности
000 -МАРКЕР
контрольное поле 02836nam0a2200445 4500
001 - ИДЕНТИФИКАТОР ЗАПИСИ
контрольное поле RU\NLR\bibl\1992666
005 - ИДЕНТИФИКАТОР ВЕРСИИ
контрольное поле 20250616211933.0
021 ## - НОМЕР ГОСУДАРСТВЕННОЙ РЕГИСТРАЦИИ
Код страны Российская Федерация
Номер 0321202497
035 ## - ДРУГИЕ СИСТЕМНЫЕ НОМЕРА
Идентификатор записи (NLR Aleph) 001981158
100 ## - ДАННЫЕ ОБЩЕЙ ОБРАБОТКИ
Данные общей обработки 20120823d2012 |||y0rusy50 ca
101 0# - ЯЗЫК РЕСУРСА
Язык текста, звукозаписи и т.д. русский
102 ## - СТРАНА ПУБЛИКАЦИИ ИЛИ ПРОИЗВОДСТВА
Страна публикации Российская Федерация
106 ## - ПОЛЕ КОДИРОВАННЫХ ДАННЫХ: ТЕКСТОВЫЕ РЕСУРСЫ – ФОРМА
Форма ресурса: кодированные данные: обозначение носителя s
200 1# - ЗАГЛАВИЕ И СВЕДЕНИЯ ОБ ОТВЕТСТВЕННОСТИ
Основное заглавие Анализ ключевых организационно-экономических показателей наукоемкого инженерно-технического проекта
Общее обозначение материала Электронный ресурс
Сведения, относящиеся к заглавию [к сб. в целом] методические указания к выполнению организационно-экономической части дипломного проекта
-- электронное учебное издание
Первые сведения об ответственности Мощелкова В. Ю.
Последующие сведения об ответственности МГТУ им. Н.Э. Баумана, Факультет "Инженерный бизнес и менеджмент", Кафедра "Менеджмент"
210 ## - ПУБЛИКАЦИЯ, РАСПРОСТРАНЕНИЕ И ДР.
Место издания, распространения и т.д. Москва
Имя издателя, распространителя и т. д. МГТУ им. Н. Э. Баумана
Дата издания, распространения и т.д. 2012
215 ## - ФИЗИЧЕСКАЯ ХАРАКТЕРИСТИКА
Специфическое обозначение материала и объем 1 CD-R
Размеры 12
230 ## - ОБЛАСТЬ СПЕЦИФИЧЕСКИХ СВЕДЕНИЙ: ЭЛЕКТРОННЫЕ РЕСУРСЫ
Обозначение и объем ресурса Текстовое (символьное) электронное издание (1.23 Мб)
300 ## - ОБЩИЕ ПРИМЕЧАНИЯ
Текст примечания Загл. с титул. экрана
337 ## - ПРИМЕЧАНИЕ О СИСТЕМНЫХ ТРЕБОВАНИЯХ (ЭЛЕКТРОННЫЕ РЕСУРСЫ)
Текст примечания Системные требования: Pentium ; 128 Mb ; Windows 2000/XP : MS Internet Explorer
606 1# - НАИМЕНОВАНИЕ ТЕМЫ КАК ПРЕДМЕТ
Наименование темы Дипломное проектирование
Формальный подзаголовок Учебно-методические пособия для высших учебных заведений
Тематический подзаголовок Высшая школа
Системный номер авторитетной/нормативной записи 2495361
Идентификатор авторитетной/нормативной записи RU\NLR\auth\661480330
606 1# - НАИМЕНОВАНИЕ ТЕМЫ КАК ПРЕДМЕТ
Наименование темы Аэрокосмическая промышленность
Формальный подзаголовок Учебно-методические пособия для высших учебных заведений
Географический подзаголовок Российская Федерация
Системный номер авторитетной/нормативной записи 2187226
Идентификатор авторитетной/нормативной записи RU\NLR\AUTH\661314999
606 1# - НАИМЕНОВАНИЕ ТЕМЫ КАК ПРЕДМЕТ
Наименование темы Наукоемкая продукция
Формальный подзаголовок Учебно-методические пособия для высших учебных заведений
Тематический подзаголовок Конкурентоспособность
Системный номер авторитетной/нормативной записи 2344649
Идентификатор авторитетной/нормативной записи RU\NLR\auth\661401216
610 0# - НЕКОНТРОЛИРУЕМЫЕ ПРЕДМЕТНЫЕ ТЕРМИНЫ
Предметный термин анализ
610 0# - НЕКОНТРОЛИРУЕМЫЕ ПРЕДМЕТНЫЕ ТЕРМИНЫ
Предметный термин организационно-экономические показатели
610 0# - НЕКОНТРОЛИРУЕМЫЕ ПРЕДМЕТНЫЕ ТЕРМИНЫ
Предметный термин инженерно-технический проект
675 ## - УНИВЕРСАЛЬНАЯ ДЕСЯТИЧНАЯ КЛАССИФИКАЦИЯ (UDC/УДК)
Индекс 658.1(075.8)
Издание 3
675 ## - УНИВЕРСАЛЬНАЯ ДЕСЯТИЧНАЯ КЛАССИФИКАЦИЯ (UDC/УДК)
Индекс 378.1(075.8)
Издание 3
686 ## - ИНДЕКСЫ ДРУГИХ КЛАССИФИКАЦИЙ
Индекс 06.81.19
Код системы
686 0# - ИНДЕКСЫ ДРУГИХ КЛАССИФИКАЦИЙ
Индекс Ч481.254.5я73
686 0# - ИНДЕКСЫ ДРУГИХ КЛАССИФИКАЦИЙ
Индекс У30(2)585.152.76я73
686 0# - ИНДЕКСЫ ДРУГИХ КЛАССИФИКАЦИЙ
Индекс У9(2)-823.2я73
700 #1 - ИМЯ ЛИЦА - ПЕРВИЧНАЯ ОТВЕТСТВЕННОСТЬ
Начальный элемент ввода Мощелкова
Часть имени, кроме начального элемента ввода В. Ю.
Расширение инициалов личного имени Валентина Юрьевна
801 #0 - ИСТОЧНИК ЗАПИСИ
Страна Российская Федерация
Организация НТЦ Информрегистр
Дата составления 20120823
Правила каталогизации rcr
801 #1 - ИСТОЧНИК ЗАПИСИ
Страна Российская Федерация
Организация НТЦ Информрегистр
Дата составления 20120823
801 #2 - ИСТОЧНИК ЗАПИСИ
Страна Российская Федерация
Организация NLR
Дата составления 20130128
Правила каталогизации rcr
942 ## - ДОПОЛНИТЕЛЬНЫЕ ЭЛЕМЕНТЫ ЗАПИСИ (АБИС)
Тип экземпляра АБИС Книга
980 ## - КОЛЛЕКЦИЯ
Название коллекции Национальная библиография
Экземпляры
Тип экземпляра Дата поступления Источник поступления Библиотека постоянного хранения Библиотека текущего хранения Место хранения Шифр хранения Штрих-код Статус экземпляра
CD-ROM 28.01.2013 Обязательный экземпляр РНБ (Московский) РНБ (Московский) Фонд электронных документов на локальных носителях информации (Фонд электронных ресурсов) CD 2013-2/197 1-230870